LEADER 00845nam a2200217 i 4500 001 000000203937 003 CaOOAMICUS 005 20110712000000.0 008 110712s1982 it u000 u ita u 013 $a182652 040 $aSeMil$bita 100 1 $aZago, Roberto <1930-2017>.$0(OLS)http://semarc/name/93817 245 13$aUn treno per la Francia :$bdue parti /$cRoberto Zago. 260 $a[S.l. :$bs.n.],$c1982. 300 $a46 p. ;$c21 cm. 500 $aSul verso del front. : Dedica autografa dell'Autore. - Estratto da Eco Teatro, marzo 1982. 850 $aSeMil 852 $aSeMil$W1$xVenegono$y1$m5B III 22/35$j154431$B154431$CSeMilBibl$Z2$F165299 $81 961 $aOmaggio: Altro 996 $6245$aUn treno per la Francia :$bdue parti$9(OLS)http://semarc/title/295462 996 $6260$a[S.l. :$bs.n.]$9(OLS)http://semarc/publisher/29751 LEADER 00921nam a2200253 i 4500 001 000000084948 003 CaOOAMICUS 005 20170713000000.0 008 170713s1998 it u000 u ita u 013 $a57188 020 $a88-428-0605-6 040 $aSeMil$bita 100 1 $aRipa di Meana, Ludovica.$0(OLS)http://semarc/name/34801 245 10$aMarzio e Marta /$cLudovica Ripa di Meana. 260 $aMilano :$bIl Saggiatore,$c1998. 300 $a191 p. ;$c22 cm. 490 0 $aScritture ;$v55 830 0$aScritture ;$v55.$0(OLS)http://semarc/title/20134 850 $aSeMil 852 $aSeMil$W1$xVenegono$y1$m1A VI 44$j49110$B49110$CSeMilBibl$Z2$F52547 $81 961 $aOmaggio: Giacomoni Silvia 996 $6020$a88-428-0605-6$9(OLS)http://semarc/number/271659 996 $6245$aMarzio e Marta$9(OLS)http://semarc/title/405615 996 $6260$aMilano :$bIl Saggiatore$9(OLS)http://semarc/publisher/30255